Analýza a perspektívy výkazníctva poisťovní v podmienkach finančného trhu Európskej únie habilitačná prednáška
Uložené v:
| Hlavný autor: | |
|---|---|
| Korporativný autor: | |
| Médium: | Kniha |
| Jazyk: | Slovak |
| Vydavateľské údaje: |
Bratislava
2014
|
| Vydanie: | 1. vyd. |
| Edícia: | Habilitačné a inauguračné prednášky
|
| Predmet: | |
| Tagy: |
Žiadne tagy, Buďte prvý, kto otaguje tento záznam!
|
MARC
| LEADER | 00000nam$a2200000$$$4500 | ||
|---|---|---|---|
| 001 | 0194312 | ||
| 005 | 20240502073243.7 | ||
| 020 | |a 978-80-225-3904-3 | ||
| 041 | 0 | |a slo | |
| 044 | |a SK | ||
| 245 | 1 | 0 | |a Analýza a perspektívy výkazníctva poisťovní v podmienkach finančného trhu Európskej únie |b habilitačná prednáška |c Jitka Meluchová |
| 250 | |a 1. vyd. | ||
| 264 | 1 | |a Bratislava |c 2014 | |
| 300 | |a 58 s. | ||
| 490 | 1 | |a Habilitačné a inauguračné prednášky | |
| 830 | 0 | |a Habilitačné a inauguračné prednášky | |
| 610 | 2 | 0 | |a účtovníctvo |
| 610 | 2 | 0 | |a informácie účtovné |
| 610 | 2 | 0 | |a poisťovne |
| 610 | 2 | 0 | |a trh poistný |
| 610 | 2 | 0 | |a výkazníctvo finančné |
| 610 | 2 | 0 | |a Európska únia |
| 100 | 1 | |a Meluchová, Jitka, 1965- | |
| 710 | 2 | |a Ekonomická univerzita v Bratislave. Fakulta hospodárskej informatiky | |